Destinations au départ de l'aéroport de Marseille (MRS) - Statistiques

Statistiques générales
  • Ce quiz a été pris 154 fois
    145 depuis la dernière actualisation
  • Le résultat moyen est 69 sur 130
Statistiques - réponses
Pays Airline Destination % Correct
Algérie Air Algerie,Air France, Vueling Alger / ALG
98%
Allemagne Ryanair Berlin / BER
88%
France Air France Paris / CDG
88%
France Air France Paris / ORY
88%
France Air Corsica Ajaccio / AJA
86%
Espagne Iberia,Ryanair Madrid / MAD
86%
Espagne Volotea,Vueling Barcelone / BCN
85%
France Air Corsica Bastia / BIA
84%
Belgique Brussels Airlines Bruxelles / BRU
84%
Grèce Aegean Airlines,Air France, Volotea Athènes / ATH
83%
Irlande Aer Lingus,Ryanair Dublin / DUB
83%
Royaume-Uni EasyJet Londres (Gatwick) / LGW
83%
Royaume-Uni British Airways Londres (Heathrow) / LHR
83%
Royaume-Uni British Airways,EasyJet, Ryanair Londres (Stansted) / STN
83%
France Ryanair Lille / LIL
81%
Algérie Air Algerie,Volotea Oran / ORN
81%
Italie Ryanair Rome / FCO
81%
Portugal Ryanair,TAP Portugal Lisbonne / LIS
80%
Portugal Ryanair Porto / OPO
80%
Turquie Pegasus Istanbul / SAW
79%
Italie Ryanair,Twin Jet Milan-Malpensa / MXP
79%
Allemagne Lufthansa Munich / MUC
79%
Tunisie Nouvelair,Transavia, Tunisair Tunis / TUN
79%
France EasyJet,Ryanair, Transavia, Twin Jet Bordeaux / BOD
78%
France Air France Lyon / LYS
78%
France Ryanair,Transavia Nantes / NTE
78%
Albanie Ryanair Tirana / TIA
78%
Italie Ryanair Milan-Bergamo / BGY
77%
Maroc Royal Air Maroc,Ryanair Rabat / RBA
77%
Autriche Austrian Airlines,Ryanair Vienne / VIE
77%
Pays-Bas KLM Amsterdam / AMS
76%
Allemagne Lufthansa Francfort / FRA
76%
Luxembourg Ryanair Luxembourg / LUX
76%
Maroc Royal Air Maroc,Ryanair, Transavia Marrakech / RAK
76%
Canada Air Transat Montréal / YUL
76%
France Twin Jet Toulouse / TLS
73%
Roumanie Ryanair Bucarest / OTP
71%
Croatie Ryanair Zagreb / ZAG
71%
Hongrie Ryanair Budapest / BUD
70%
Sénégal Transavia Dakar / DSS
70%
Royaume-Uni Ryanair Manchester / MAN
70%
Chine China Eastern Shanghai / PVG
70%
Maroc Royal Air Maroc Casablanca / CMN
69%
France Volotea Rennes / RNS
69%
France Volotea Strasbourg / SXB
69%
Italie Volotea Venise / VCE
69%
Suisse Swiss Zurich / ZRH
69%
Émirats Arabis Unis Transavia Dubaï / DXB
68%
Espagne Ryanair Séville / SVQ
68%
Danemark Volotea Copenhague / CPH
67%
Liban Transavia Beyrouth / BEY
66%
Israël El Al,Ryanair Tel Aviv / TLV
66%
Suède Transavia Stockholm / ARN
65%
Espagne Ryanair Valence / VLC
64%
France Transavia,Volotea Brest / BES
63%
Italie Ryanair Naples / NAP
63%
République Tchèque Ryanair Prague / PRG
63%
Italie Ryanair,Transavia Palerme / PMO
61%
Italie Ryanair,Volotea Venise / TSF
61%
Espagne Ryanair Malaga / AGP
60%
Ethiopie Ethiopian Airlines Addis Abeba / ADD
59%
Pologne Ryanair Cracovie / KRK
56%
Royaume-Uni Ryanair Edimbourg / EDI
56%
Maroc Ryanair Tanger / TNG
55%
Italie Volotea Florence / FLR
54%
Tunisie Nouvelair,Tunisair Djerba / DJE
53%
Italie Ryanair Bari / BRI
52%
Arménie Transavia Erevan / EVN
52%
Jordanie Ryanair Amman / AMM
51%
Maroc Air Arabia Maroc,Ryanair Fès / FEZ
51%
Royaume-Uni EasyJet Glasgow / GLA
50%
Croatie Volotea Split / SPU
50%
Espagne Ryanair,Volotea Palma de Majorque / PMI
48%
Algérie Air Algerie,Volotea Constantine / CZL
47%
Portugal Ryanair Faro / FAO
47%
Maroc Ryanair Agadir / AGA
46%
France Air Corsica Calvi / CLY
46%
Grèce Aegean Airlines,Sky Express, Transavia, Volotea Héraklion / HER
45%
Malte Ryanair Malte / MLA
45%
Belgique Brussels Airlines,Ryanair Charleroi / CRL
44%
Grèce Volotea Santorin / JTR
44%
Espagne Ryanair Alicante / ALC
42%
Espagne Iberia,Ryanair Ibiza / IBZ
42%
France Air France,Volotea Caen / CFR
41%
Croatie Volotea Dubrovnik / DBV
41%
France Air France,Corsair Saint Denis de la Réunion / RUN
41%
Italie Air France,Ryanair Catane / CTA
40%
Arabie Saoudite FlyNas Djeddah / JED
40%
Italie Ryanair Bologne / BLQ
39%
France Ryanair La Rochelle / LRH
39%
Grèce Volotea Mykonos / JMK
39%
France Transavia Biarritz / BIQ
38%
Allemagne Eurowings Düsseldorf / DUS
38%
Cap Vert Transavia Sal / SID
37%
Maroc Ryanair Essaouira / ESU
35%
France Air Corsica Figari / FSC
35%
Espagne Ryanair Tenerife / TFS
34%
Turquie Transavia Antalya / AYT
33%
Grèce Ryanair Rhodes / RHO
33%
Italie Volotea Cagliari / CAG
32%
Grèce Ryanair Corfou / CFU
32%
Algérie Air Algerie,Volotea Annaba / AAE
31%
Maroc Ryanair Ouarzazate / OZZ
30%
Maroc Ryanair Oujda / OUD
30%
Chypre Ryanair Paphos / PFO
29%
France Ryanair Tours / TUF
29%
Algérie Air Algerie,Volotea Setif / QSF
28%
Royaume-Uni EasyJet,Ryanair Bristol / BRS
27%
Algérie Air Algerie,Volotea Tlemcen / TLM
27%
Espagne Ryanair,Volotea Lanzarote / ACE
26%
Espagne Ryanair,Volotea Minorque / MAH
24%
Croatie Ryanair Zadar / ZAD
24%
Algérie Air Algerie,Volotea Bejaia / BJA
23%
Egypte Transavia Hurghada / HRG
22%
France Ryanair Limoges / LIG
22%
Maroc Ryanair Nador / NDR
22%
Pologne Ryanair Wroclaw / WRO
22%
Pays-Bas Ryanair Eindhoven / EIN
21%
Italie Volotea Olbia / OLB
21%
Irlande Ryanair Shannon / SNN
20%
Espagne Volotea Fuerteventura / FUE
18%
Tunisie Nouvelair,Transavia, Tunisair Monastir / MIR
17%
Algérie Air Algerie Batna / BLJ
16%
France Corsair Dzaoudzi (Mayotte) / DZA
16%
Algérie Air Algerie Chlef / CFK
14%
Grèce Ryanair Chania / CHQ
13%
Maroc Ryanair Tetouan / TTU
13%
Italie Ryanair Reggio de Calabre / REG
10%
France Corsair Île Maurice / MRU
7%
Algérie Air Algerie Jijell / GJL
5%
Aucun quiz correspondant
Distribution des résultats
% des personnes avec chaque résultat
Percentile par nombre de réponses
Votre historique - résultats
Vous n’avez pas pris ce quiz depuis la dernière actualisation